Kỹ thuật sửa chữa động cơ nổ loại nhỏ /
में बचाया:
| मुख्य लेखक: | |
|---|---|
| स्वरूप: | पुस्तक |
| भाषा: | Vietnamese |
| प्रकाशित: |
H. :
Hà Nội ,
1971
|
| संस्करण: | In lần thứ 1 |
| विषय: | |
| टैग : |
टैग जोड़ें
कोई टैग नहीं, इस रिकॉर्ड को टैग करने वाले पहले व्यक्ति बनें!
|
| Thư viện lưu trữ: | Thư viện Trường CĐ Kỹ Thuật Cao Thắng |
|---|
| LEADER | 00672nam a2200193 a 4500 | ||
|---|---|---|---|
| 001 | TVCDKTCT85 | ||
| 003 | Thư viện trường Cao đẳng Kỹ thuật Cao Thắng | ||
| 005 | 20050729000000 | ||
| 008 | 050729 | ||
| 980 | \ | \ | |a Thư viện Trường CĐ Kỹ Thuật Cao Thắng |
| 024 | |a RG_1 #1 eb0 i1 | ||
| 041 | 0 | # | |a vie |
| 082 | # | # | |a 629.25 / |b PH105GI-k |
| 100 | 1 | # | |a Phạm Hữu Giỏi |
| 245 | 0 | 0 | |a Kỹ thuật sửa chữa động cơ nổ loại nhỏ / |c Phạm Hữu Giỏi |
| 250 | # | # | |a In lần thứ 1 |
| 260 | # | # | |a H. : |b Hà Nội , |c 1971 |
| 300 | # | # | |a 148tr. ; |c 27 cm |
| 650 | # | 4 | |a Kỹ Thuật sửa chữa động cơ nổ |